ඉසිකර 2011-2012-2013 : පඤ්චාංග ග්රහස්ථ ලිත (Record no. 129657)
[ view plain ]
| 000 -LEADER | |
|---|---|
| fixed length control field | 00522nam a2200169Ia 4500 |
| 003 - CONTROL NUMBER IDENTIFIER | |
| control field | LK-CoDNM |
| 008 - FIXED-LENGTH DATA ELEMENTS--GENERAL INFORMATION | |
| fixed length control field | 010623t2010 xxu||||| |||| 00| 1 sin d |
| 040 ## - CATALOGING SOURCE | |
| Original cataloging agency | LK-CoDNM |
| Modifying agency | LK-CoDNM |
| Description conventions | LK-CoDNM |
| 041 ## - LANGUAGE CODE | |
| Language code of text/sound track or separate title | Sinhala; Sinhalese |
| 080 ## - UNIVERSAL DECIMAL CLASSIFICATION NUMBER | |
| Universal Decimal Classification number | 133.52 WIk |
| 942 ## - ADDED ENTRY ELEMENTS (KOHA) | |
| Koha item type | Books |
| 100 ## - MAIN ENTRY--PERSONAL NAME | |
| Personal name | Wikramasingha,W.A.D.A. |
| 245 ## - TITLE STATEMENT | |
| Title | ඉසිකර 2011-2012-2013 : පඤ්චාංග ග්රහස්ථ ලිත |
| 246 ## - VARYING FORM OF TITLE | |
| Title proper/short title | Isikara 2011-2012-2013 : Panchanga Gruhastha Litha |
| 260 ## - PUBLICATION, DISTRIBUTION, ETC. (IMPRINT) | |
| Name of publisher, distributor, etc. | Author |
| Place of publication, distribution, etc. | Delgoda |
| Date of publication, distribution, etc. | 2010 |
| 300 ## - PHYSICAL DESCRIPTION | |
| Other physical details | 112, 21 cm |
| Withdrawn status | Lost status | Damaged status | Not for loan | Collection code | Permanent Location | Current Location | Date acquired | Full call number | Barcode | Koha item type |
|---|---|---|---|---|---|---|---|---|---|---|
| Monographs | Library National Museum Colombo - Sri Lanka | Library National Museum Colombo - Sri Lanka | 2023-08-02 | 133.52 WIk | 154056 | Books |


